Hong Kong 1964

Đã lưu trong:
Bibliografiske detaljer
Format: Bog
Sprog:Undetermined
Udgivet: Hong Kong Government Press 1965
Fag:
Tags: Tilføj Tag
Ingen Tags, Vær først til at tagge denne postø!
Thư viện lưu trữ: Trung tâm Học liệu Trường Đại học Cần Thơ
LEADER 00470nam a2200181Ia 4500
001 CTU_90131
008 210402s9999 xx 000 0 und d
082 |a 951.25 
082 |b H769 
245 0 |a Hong Kong 1964 
245 0 |c Hong Kong Government Publications 
260 |a Hong Kong 
260 |b Government Press 
260 |c 1965 
650 |a History 
650 |z Hong kong 
904 |i Nguyên,Hải 
980 |a Trung tâm Học liệu Trường Đại học Cần Thơ